| 000 | 00376nam a2200145Ia 4500 | ||
|---|---|---|---|
| 005 | 20250508011643.0 | ||
| 008 | 240331s9999 xx 000 0 und d | ||
| 082 |
_bBAL _a894 |
||
| 100 | _aBalasubramaniam, R | ||
| 245 | 0 | _aVasantham vanthu Poividdathu | |
| 260 |
_aChennai _bKumaran Publication _c1997 |
||
| 300 | _avi, 215 p ., | ||
| 500 | _aSocial Novel In Tamil | ||
| 942 | _cL | ||
| 999 |
_c5581 _d5581 |
||